Gentilé des villes en F - Statistiques

Statistiques générales
  • Ce quiz a été pris 22 fois
  • Le résultat moyen est 4 sur 10
Statistiques - réponses
Hint Réponse % Correct
Florence (Italie) Florentin(e)
90%
Francfort (Allemagne) Francfortois(e)
76%
Fribourg (Suisse) Fribourgeois(e)
76%
Fréjus (France) Fréjusien(ne)
52%
Fokuoka (Japon) Fokuokais(e)
24%
Fontainebleau (France) Bellifontain(e)
10%
Fès (Maroc) Fassi/Faissien(ne)
10%
Freetown (Sierra leone) Freetonien(ne)
10%
Faro (Portugal) Farense
5%
Fortaleza (Brésil) Fortalesense
5%
Aucun quiz correspondant
Distribution des résultats
% des personnes avec chaque résultat
Percentile par nombre de réponses
Votre historique - résultats
Vous n’avez pas pris ce quiz